000 00795 a2200241 4500
001 0000
003 000
005 20251119130421.0
020 _a9781032111728
040 _erda
050 _aT 174.7 .E44
100 _aVarghese, Anitha (editor)
245 _aEmerging nanomaterials for catalysis and sensor applications
_cAnitha Varghese and Gurumurthy Hegde
264 _aBoca Raton
_bCRC Press
_c2023
300 _ax, 289p. ill.
336 _2rdacontent
338 _2rdacarrier
490 _aEmerging Materials and Technologies
504 _aIncludes bibliograhical references and index
650 _aNanostructured materials.
_v
_xCatalysis.
651 _v Nanocatalysts.
_x
942 _2lcc
_cBK
999 _c44006
_d44006